| 000 | 00460nam a22001577a 4500 | ||
|---|---|---|---|
| 999 |
_c533064 _d533064 |
||
| 003 | NUST | ||
| 005 | 20191211125836.0 | ||
| 008 | 191211b ||||| |||| 00| 0 eng d | ||
| 038 | _aMSOHAIL | ||
| 082 | _a625.8 TRB | ||
| 100 |
_aGilbert Y. Batadi ; Francis X. Mckelvy _926745 |
||
| 245 | _aMechanic Evaluation and Caliboration of the AASHTO Design Equations and Mechanistic Analysis of the SHRP...\ | ||
| 260 | _aTRB | ||
| 300 | _a168;p; | ||
| 942 |
_2ddc _cBK |
||